UBT Library

Health promotion strategies through the life span / (Record no. 38893)

000 -LEADER
fixed length control field 00961cam a22003014a 4500
001 - CONTROL NUMBER
control field 15295101
005 - DATE AND TIME OF LATEST TRANSACTION
control field 20171214040159.0
008 - FIXED-LENGTH DATA ELEMENTS--GENERAL INFORMATION
fixed length control field 080507s2009 njua b 001 0 eng
010 ## - LIBRARY OF CONGRESS CONTROL NUMBER
LC control number 2008020982
016 7# - NATIONAL BIBLIOGRAPHIC AGENCY CONTROL NUMBER
Record control number 101473397
Source DNLM
020 ## - INTERNATIONAL STANDARD BOOK NUMBER
International Standard Book Number 9780135138663
020 ## - INTERNATIONAL STANDARD BOOK NUMBER
International Standard Book Number 0135138663
035 ## - SYSTEM CONTROL NUMBER
System control number (OCoLC)228114866
035 ## - SYSTEM CONTROL NUMBER
System control number (OCoLC)ocn228114866
040 ## - CATALOGING SOURCE
Original cataloging agency DNLM/DLC
Transcribing agency DLC
Modifying agency NLM
-- BAKER
-- BTCTA
-- C#P
-- YDXCP
-- CDX
-- DLC
041 ## - LANGUAGE CODE
Language code of text/sound track or separate title eng
042 ## - AUTHENTICATION CODE
Authentication code pcc
060 00 - NATIONAL LIBRARY OF MEDICINE CALL NUMBER
Classification number WY 100.4
Item number M983h 2009
080 ## - UNIVERSAL DECIMAL CLASSIFICATION NUMBER
Universal Decimal Classification number 613 MUR
082 00 - DEWEY DECIMAL CLASSIFICATION NUMBER
Classification number 613 MUR
Edition number 22
100 ## - Rafti
Rafti 4
101 ## - Shkurtesa
Shkurtesa SHM
245 00 - TITLE STATEMENT
Title Health promotion strategies through the life span /
Statement of responsibility, etc [edited by] Ruth Beckmann Murray, Judith Proctor Zentner, Richard Yakimo.
504 ## - BIBLIOGRAPHY, ETC. NOTE
Bibliography, etc Includes bibliographical references and index.
906 ## - LOCAL DATA ELEMENT F, LDF (RLIN)
a 7
b cbc
c orignew
d 1
e ecip
f 20
g y-gencatlg
942 ## - ADDED ENTRY ELEMENTS (KOHA)
Source of classification or shelving scheme
Item type Books
Holdings
Withdrawn status Lost status Source of classification or shelving scheme Damaged status Not for loan Collection code Permanent location Current location Shelving location Date acquired Total Checkouts Full call number Barcode Date last seen Price effective from Koha item type
          Koleksioni i përgjithshem UBT - Lipjan UBT - Lipjan Koleksioni i përgjithshem 12/14/2017   613 MUR 002-29394 12/14/2017 12/14/2017 Books
UBT Library © 2015-2024. All rights reserved University Education for Business and Technology